000 01475nam a2200253Ia 4500
003 PE SENCICO BE
005 20251020182440.0
008 200515s9999 xx 000 0 und d
020 _a978-84-8454-789-1
040 _aPE SENCICO BE
_cPE SENCICO BE
041 _aspa
082 _a526.9
_bM94
100 1 _aMuñoz Mato, Luis Alberto
_93297
_eautor
245 1 0 _aFundamentos físicos de la topografía /
_cLuis Alberto Muñoz Mato
260 _aAlicante :
_beditorial Club Universitario,
_c[2009]
300 _a139 páginas :
_bilustraciones, tablas, gráficos ;
_c24 cm.
504 _aBibliografías: p. 139
505 0 _aConceptos fundamentales de óptica geométrica -- Prismas ópticos -- Sistemas ópticos con superficies esféricas -- Sistemas ópticos centrados -- Limitaciones de los sistemas ópticos -- Instrumentos ópticos -- Fluidos -- Campo eléctrico -- Flujo eléctrico y teorema de Gauss -- Potencial electrostático -- Condensadores -- Corriente eléctrico -- Campo magnético
520 3 _aPresenta explicaciones teóricas en donde los temas van acompañados de varios ejemplos resueltos totalmente, con todo detalle y sin omitir ningún paso intermedio. Además de estos ejemplos resueltos, al final de cada bloque, se incluyen una serie de ejercicios resueltos propuestos y una colección de exámenes de la asignatura.
650 1 0 _aTopografía
_94
650 2 0 _aSistemas ópticos
_93298
650 2 0 _aCondensadores
_9556
942 _cLIB
_2ddc
999 _c530
_d530